| 000 | 01100cam a2200313 a 4500 | ||
|---|---|---|---|
| 999 |
_c3441 _d3441 |
||
| 001 | 12193379 | ||
| 003 | GZU | ||
| 005 | 20201130122410.0 | ||
| 008 | 001002s2001 nyu b 001 0 eng | ||
| 010 | _a 00047496 | ||
| 020 | _a0231115660 (cloth) | ||
| 040 |
_aDLC _cDLC _dDLC |
||
| 041 | 1 |
_aeng _hfre |
|
| 042 | _apcc | ||
| 050 | 0 | 0 |
_aHQ1075 _bAGA 2001 |
| 100 | 1 | _aAgacinski, Sylviane. | |
| 240 | 1 | 0 |
_aPolitique des sexes. _lEnglish |
| 245 | 1 | 0 |
_aParity of the sexes / _cSylviane Agacinski ; translated by Lisa Walsh. |
| 260 |
_aNew York : _bColumbia University Press, _cc2001. |
||
| 300 |
_axxxiv, 194 p. _c18 cm. |
||
| 440 | 0 | _aEuropean perspectives | |
| 504 | _aIncludes bibliographical references and index. | ||
| 650 | 0 | _aSex role. | |
| 650 | 0 | _aSex differences (Psychology) | |
| 650 | 0 | _aGender identity. | |
| 906 |
_a7 _bcbc _corignew _d1 _eocip _f20 _gy-gencatlg |
||
| 942 |
_2lcc _cBK _h1075 _iAGA _kHQ |
||